书目信息 |
| 书名: | Dakota | |
| 作者: | Kathleen Norris. | |
| 分册号: | ||
| 分册名: | 出版地: | Boston : |
|
| 出版社: | Houghton Mifflin | |
| 出版时间: | c1993. | |
| 页数: | viii, 224 p. ; | |
| 开本: | 21 cm. | |
| 丛书名: | ||
| 中图分类号: | ||
| 科图分类号: | ||
| 其他分类号: | K712.9 | |
| 主题词: | ||
| 电子资源: | ||
| 000 | 01028cam a2200325 a 4500 | |
| 001 | E0729037832 | |
| 003 | CAL | |
| 005 | 20070711080432.76 | |
| 008 | 940908s1993 mau b 000 0 eng d | |
| 010 | @z 92030820 | |
| 020 | @a0395633206. | |
| 020 | @a039571091X (pbk.). | |
| 040 | @aBPS@cBPS@dMRY@dOCLCQ@dBTCTA@dYDXCP | |
| 043 | @an-us-nd@an-us-sd@anp----- | |
| 050 | 4 | @aF656.2@b.N66 1993b |
| 082 | 04 | @a978.3@bN855 1993 |
| 090 | @aK712.9 | |
| 093 | @aK712.9@24 | |
| 099 | @dK712.9@ex77 | |
| 100 | 1 | @aNorris, Kathleen,@d1947- |
| 245 | 10 | @aDakota :@ba spiritual geography / @cKathleen Norris. |
| 246 | 3 | @aDakota, a spiritual geography |
| 260 | @aBoston :@bHoughton Mifflin,@cc1993. | |
| 300 | @aviii, 224 p. ;@c21 cm. | |
| 504 | @aIncludes bibliographical references (p. 223-224). | |
| 600 | 10 | @aNorris, Kathleen,@d1947-@xHomes and haunts@zGreat Plains. |
| 651 | 0 | @aSouth Dakota@xCivilization@y20th century. |
| 651 | 0 | @aNorth Dakota@xCivilization@y20th century. |
| 920 | @a242010@z2 | |
| 998 | @aWUL | |
| Dakota : : a spiritual geography / / Kathleen Norris.-Boston : : Houghton Mifflin, , c1993. |
| viii, 224 p. ; ; 21 cm. |
| Includes bibliographical references (p. 223-224). |
| ISBN 0395633206. |
| ● |
| 相关链接 |
|
|
|
|
正题名:Dakota
索取号:K712.9/x77
 
预约/预借
| 序号 | 登录号 | 条形码 | 馆藏地/架位号 | 状态 | 备注 |
| 1 | 0012599 | 300125996 | 第四借阅区/ [索取号:K712.9/x77] | 在馆 | |
| 2 | 0012600 | 300126003 | 第四借阅区/ [索取号:K712.9/x77] | 在馆 | |
| 3 | 0012887 | 300128877 | 第二样本阅览室/ [索取号:K712.9/x77] | 在馆 | |
| 4 | 0012888 | 300128886 | 第四借阅区/ [索取号:K712.9/x77] | 在馆 |